Statistiques concernant Les 10 villes les plus peuplée par régions de la France

Cliquez ici pour prendre le quiz!

Statistiques générales

  • Ce quiz a été pris 334 fois
  • Le résultat moyen est 73 sur 120

Statistiques - réponses

Hint Answer % Correct
Auvergne-Rhône-Alpes(69M)/513 275Lyon
97%
Hauts-de-France(59)/233 897Lille
93%
Île-de-France(75)/2 221 445Paris
93%
Provence-Alpes-Côte-d'Azur(13)/858 160Marseille
92%
Provence-Alpes-Côte-d'Azur(06)/343 385Nice
91%
Bretagne(35)/211 373Rennes
91%
Occitanie(31)/471 941Toulouse
90%
Auvergne-Rhône-Alpes(42)/171 057Saint-Etienne
90%
Pays de la Loire(44)/302 382Nantes
90%
Grand Est(67)/277 270Strasbourg
89%
Auvergne-Rhône-Alpes(38)/160 649Grenoble
89%
Bretagne(29)/138 368Brest
88%
Bourgogne-Franche-Comté(21)/155 114Dijon
88%
Nouvelle-Aquitaine(33)/249 712Bordeaux
88%
Provence-Alpes-Côte-d'Azur(83)/165 243Toulon
87%
Occitanie(34)/277 639Montpellier
85%
Normandie(14)/107 227 Caen
85%
Auvergne-Rhône-Alpes(63)/141 398Clermont-Ferrand
85%
Normandie(76)/110 755Rouen
84%
Grand Est(57)/117 492Metz
83%
Normandie(76)/174 074Le Havre
83%
Centre-Val de Loire(45)/114 664Orléans
83%
Centre-Val de Loire(37)/136 578Tours
82%
Pays de la Loire(85)/54 578La Roche-sur-yons
81%
Grand Est(54)/105 102Nancy
81%
Pays de la Loire(49)/151 260Angers
80%
Bretagne(29)/63 525Quimper
80%
Pays de la Loire(72)/143 265Le Mans
80%
Grand Est(51)/184 076Reims
79%
Auvergne-Rhône-Alpes(69M)/142 149Villeurbanne
78%
Hauts-de-France(80)/132 479Amiens
78%
Occitanie(30)/150 627Nimes
77%
Bretagne(56)/53 032Vannes
76%
Occitanie(66)/121 934Perpignan
76%
Bourgogne-Franche-Comté(25)/116 676Besançon
75%
Hauts-de-France(59)/89 160Dunkerque
75%
Hauts-de-France(62)/76 402Calais
75%
Île-de-France(78)/85 461Versailles
75%
Provence-Alpes-Côte-d'Azur(84)/92 209Avignon
75%
Auvergne-Rhône-Alpes(74)/125 694Annecy
75%
Grand Est(68)/110 370Mulhouse
75%
Grand Est(68)/70 287Colmar
74%
Île-de-France(93)/110 733Saint-Denis
74%
Auvergne-Rhône-Alpes(73)/59 697Chambéry
74%
Provence-Alpes-Côte-d'Azur(13)/142 169Aix-en-Provence
74%
Provence-Alpes-Côte-d'Azur(06)/74 566Cannes
73%
Bretagne(56)/57 961Lorient
73%
Nouvelle-Aquitaine(64)/77 215Pau
72%
Nouvelle-Aquitaine(86)/87 918Poitiers
72%
Nouvelle-Aquitaine(87)/133 167Limoges
71%
Hauts-de-France(59)/95 600Roubaix
71%
Île-de-France(92)/116 927Boulogne-Billancourt
70%
Nouvelle-Aquitaine(17)/75 404La Rochelle
69%
Bourgogne-Franche-Comté(89)/34 538Auxerre
69%
Hauts-de-France(59)/95 396Tourcoing
68%
Auvergne-Rhône-Alpes(26)/62 479Valence
68%
Bretagne(35)/44 919Saint-Malo
67%
Grand Est(10)/60 984Troyes
67%
Centre-Val de Loire(18)/71 155Bourges
66%
Bourgogne-Franche-Comté(90)/49 516Belfort
64%
Île-de-France(92)/93 509Nanterre
63%
Occitanie(34)/75 999Béziers
62%
Île-de-France(94)/91 042Créteil
62%
Bretagne(22)/45 331Saint-Brieuc
62%
Hauts-de-France(60)/54 738Beauvais
61%
Pays de la Loire(44)/69 784Saint-Nazaire
61%
Bourgogne-Franche-Comté(71)/45 390 Chalon-sur-Saône
61%
Nouvelle-Aquitaine(64)/49 207Bayonne
60%
Centre-Val de Loire(41)/47 853Blois
60%
Pays de la Loire(53)/49 848Laval
58%
Normandie(50)/80 976Cherbourg-en-Cotentin
58%
Centre-Val de Loire(28)/39 766Chartres
58%
Occitanie(11)/53 462Carcassonne
57%
Bourgogne-Franche-Comté(71)/33 283Mâcon
56%
Normandie(27)/49 722Evreux
55%
Nouvelle-Aquitaine(76)/75 410Niort
55%
Centre-Val de Loire(36)/47 126Châteauroux
55%
Hauts-de-France(59)/43 787Valenciennes
55%
Occitanie(82)/59 945Montauban
54%
Occitanie(11)/53 462Narbonne
53%
Grand Est(08)/47 847Charleville-Mézières
53%
Bourgogne-Franche-Comté(58)/34 228Nevers
53%
Provence-Alpes-Côte-d'Azur(06)/75 341Antibes
51%
Hauts-de-France(02)/55 878Saint-Quentin
51%
Occitanie(81)/49 974Albi
51%
Normandie(61)/26 350Alençon
48%
Île-de-France(93)/104 784Montreuil
47%
Provence-Alpes-Côte-d'Azur(83)/56 502Hyères
46%
Île-de-France(95)/108 684Argenteuil
44%
Auvergne-Rhône-Alpes(69M)/ 64 273Vénissieux
41%
Nouvelle-Aquitaine(19)/47 349Brive-la-Gaillarde
41%
Hauts-de-France(59)/62 869Villeneuve-d'Ascq
41%
Grand Est(51)/45 268Châlons-en-Champagne
40%
Pays de la Loire(49)/53 843Cholet
40%
Provence-Alpes-Côte-d'Azur(83)/53 511Fréjus
39%
Bourgogne-Franche-Comté(25)/25 336Montbéliard
39%
Occitanie(34)/43 620Sète
39%
Normandie(76)/30 214Dieppe
38%
Nouvelle-Aquitaine(33)/70 127Mérignac
37%
Centre-Val de Loire(28)/38 863Dreux
35%
Nouvelle-Aquitaine(33)/61 331Pessac
33%
Bourgogne-Franche-Comté(39)/23 373Dole
33%
Provence-Alpes-Côte-d'Azur(83)/64 675La-Seyne-sur-mer
32%
Pays de la Loire(49)/27 364Saumur
32%
Bourgogne-Franche-Comté(89)/25 793Sens
31%
Île-de-France(94)/91 188Vitry-sur-Seine
31%
Grand Est(57)/40 665Thionville
29%
Bretagne(35)/20 170Fougères
27%
Centre-Val de Loire(18)/27 511Vierzon
27%
Île-de-France(92)/86 799Asnières-sur-Seine
26%
Bretagne(22)/19 869Lannion
25%
Centre-Val de Loire(37)/35 836Joué-lès-Tours
25%
Pays de la Loire(44)/39 649Rezé
24%
Auvergne-Rhône-Alpes(69M)/47 312Vaulx-en-Velin
24%
Pays de la Loire(44)/45 786Saint-Herblain
23%
Normandie(76)/24 967Le Grand-Quevilly
23%
Normandie(76)/28 738 Saint-Étienne-du-Rouvray
15%
Bretagne(56)/21 874Lanester
14%
Normandie(76)/28 704Sotteville-lès-Rouen
13%
Centre-Val de Loire(45)/21 987Fleury-les-Aubrais
11%

Distribution des résultats

Percentile par nombre de réponses

% des personnes avec chaque résultat

Votre développement - résultats

Vous n’avez pas pris ce quiz